[Event "Turkish Cup 2022"]
[Site "Sakarya"]
[Date "2022.03.31"]
[Round "10.46"]
[White "Cil, Batuhan"]
[Black "Ersoy, Emre"]
[Result "1-0"]
[WhiteElo "1737"]
[BlackElo "1516"]
[Annotator "NA"]
[PlyCount "41"]
[EventDate "2022.03.25"]
[EventType "swiss"]
[EventCountry "TUR"]
[SourceTitle "playchess.com"]
[Source "ChessBase"]
[SourceQuality "1"]

1. e4 e6 2. d4 d5 3. Nd2 c5 4. c3 Nc6 5. Ngf3 Nf6 6. e5 Nd7 7. Bd3 Qb6 8. O-O cxd4 9. cxd4 Nxd4 10. Nxd4 Qxd4 11. Nf3 Qb6 12. Qa4 Bc5 13. Qg4 Kf8 14. b3 f5 15. Qh5 Bd4 16. Nxd4 Qxd4 17. Ba3+ Nc5 18. Bb5 g6 19. Qg5 b6 20. Qf6+ Kg8 21. Be8 1-0

[Event "Turkish Cup 2022"]
[Site "Sakarya"]
[Date "2022.04.01"]
[Round "11.1"]
[White "Yavuz, Efe Metehan"]
[Black "Yaran, Siar"]
[Result "1/2-1/2"]
[WhiteElo "2054"]
[BlackElo "2272"]
[Annotator "TA"]
[PlyCount "150"]
[EventDate "2022.03.25"]
[EventType "swiss"]
[EventCountry "TUR"]
[SourceTitle "playchess.com"]
[Source "ChessBase"]
[SourceQuality "1"]

1. Nf3 Nf6 2. g3 d5 3. Bg2 e6 4. O-O Be7 5. d4 O-O 6. c4 dxc4 7. Qc2 a6 8. a4 Bd7 9. Ne5 Bc6 10. Nxc6 Nxc6 11. e3 Na5 12. Nd2 c5 13. dxc5 Rc8 14. b4 cxb3 15. Nxb3 Nxb3 16. Qxb3 Nd7 17. Ba3 Nxc5 18. Bxc5 Rxc5 19. Qxb7 a5 20. Rfd1 Qc7 21. Rd7 Qxb7 22. Rxb7 Bf6 23. Ra2 Rc1+ 24. Bf1 Rd8 25. Kg2 g6 26. Bb5 Kf8 27. Ra7 Bc3 28. Rc7 Rdd1 29. Ra3 Rg1+ 30. Kf3 Bb4 31. Rxc1 Rxc1 32. Rd3 Rc2 33. Rd1 Ke7 34. Kg2 Bd2 35. Kf1 f5 36. h4 h6 37. Ke2 Bb4+ 38. Kf1 Bd2 39. Ke2 Bb4+ 40. Kf1 Bd6 41. Bd3 Rc3 42. Ke2 e5 43. Bb5 Ke6 44. Rd3 Rc1 45. Rd1 Rc2+ 46. Rd2 Rc1 47. Rd1 Rc7 48. Be8 g5 49. hxg5 hxg5 50. Kf1 Bb4 51. Kg2 e4 52. Rh1 Rc2 53. Rh6+ Ke7 54. Bb5 Be1 55. Kf1 Bb4 56. Rg6 g4 57. Rh6 Rc1+ 58. Kg2 Rc2 59. Kf1 Rc1+ 60. Kg2 Rc5 61. Rh7+ Kf6 62. Rd7 Rc2 63. Kf1 Rc1+ 64. Kg2 Rc2 65. Rd1 Bc5 66. Kf1 Rc3 67. Bd7 Ke5 68. Ke2 Bb4 69. Kf1 Rc2 70. Bb5 Bd2 71. Bd7 Rb2 72. Bb5 Rc2 73. Be2 Rb2 74. Bc4 Rc2 75. Bb5 Rc1 1/2-1/2

[Event "Turkish Cup 2022"]
[Site "Sakarya"]
[Date "2022.04.01"]
[Round "11.2"]
[White "Koksal, Ege"]
[Black "Yurtseven, Melih"]
[Result "1-0"]
[WhiteElo "2343"]
[BlackElo "2388"]
[Annotator "TA"]
[PlyCount "103"]
[EventDate "2022.03.25"]
[EventType "swiss"]
[EventCountry "TUR"]
[SourceTitle "playchess.com"]
[Source "ChessBase"]
[SourceQuality "1"]

1. d4 g6 2. c4 Bg7 3. Nf3 c5 4. d5 d6 5. e4 Nf6 6. Nc3 O-O 7. Be2 e6 8. h3 Re8 9. O-O exd5 10. exd5 Ne4 11. Nxe4 Rxe4 12. Bd3 Re8 13. Re1 Rxe1+ 14. Qxe1 Nd7 15. Bg5 Nf6 16. Qd2 Qf8 17. Re1 h6 18. Bf4 Bd7 19. b3 b6 20. Qc1 b5 21. cxb5 Nxd5 22. Bc4 Be6 23. Bd2 Nc7 24. Ba5 Qc8 25. Bxc7 Bxc4 26. bxc4 Qxc7 27. Qf4 Rd8 28. a4 Qb7 29. Rd1 d5 30. Ne5 d4 31. Nc6 Rd7 32. a5 d3 33. a6 Qb6 34. Qb8+ Qxb8 35. Nxb8 Rd6 36. Nc6 Bc3 37. Nxa7 d2 38. Nc6 Re6 39. Rxd2 Bxd2 40. a7 Re1+ 41. Kh2 Ra1 42. b6 Bf4+ 43. g3 Bd6 44. b7 Rxa7 45. Nxa7 Kg7 46. Nc6 Kf6 47. Kg2 Ke6 48. Kf3 f5 49. b8=Q Bxb8 50. Nxb8 Kd6 51. Kf4 Kc7 52. Ke5 1-0

[Event "Turkish Cup 2022"]
[Site "Sakarya"]
[Date "2022.04.01"]
[Round "11.3"]
[White "Kilic, Efe Mert"]
[Black "Ozsakallioglu, Okan"]
[Result "1/2-1/2"]
[WhiteElo "2220"]
[BlackElo "2270"]
[Annotator "TA"]
[PlyCount "54"]
[EventDate "2022.03.25"]
[EventType "swiss"]
[EventCountry "TUR"]
[SourceTitle "playchess.com"]
[Source "ChessBase"]
[SourceQuality "1"]

1. e4 c5 2. Nf3 e6 3. d4 cxd4 4. Nxd4 Nf6 5. Nc3 Nc6 6. a3 d5 7. Bb5 Bd7 8. exd5 exd5 9. O-O Be7 10. Be2 O-O 11. Bf3 Be6 12. Re1 Nxd4 13. Qxd4 a6 14. Bf4 Rc8 15. Rad1 Qa5 16. Be5 Rfd8 17. Qf4 Rc4 18. Rd4 Rd7 19. Red1 Rxd4 20. Bxd4 h6 21. Qe3 Qd8 22. Bb6 Qc8 23. h3 Bf8 24. Rd2 Qc4 25. Qd4 Qc6 26. g4 Ne4 27. Rd3 Be7 1/2-1/2

[Event "Turkish Cup 2022"]
[Site "Sakarya"]
[Date "2022.04.01"]
[Round "11.4"]
[White "Gulbeyaz, Emir"]
[Black "Gunduz, Umut Erdem"]
[Result "0-1"]
[WhiteElo "2218"]
[BlackElo "2258"]
[Annotator "TA"]
[PlyCount "134"]
[EventDate "2022.03.25"]
[EventType "swiss"]
[EventCountry "TUR"]
[SourceTitle "playchess.com"]
[Source "ChessBase"]
[SourceQuality "1"]

1. d4 d5 2. Nf3 Nf6 3. Bf4 c5 4. e3 Nc6 5. Nbd2 cxd4 6. exd4 Bf5 7. c3 e6 8. Qb3 Qc8 9. Nh4 Be4 10. Nxe4 Nxe4 11. Nf3 Bd6 12. Bxd6 Nxd6 13. Bd3 O-O 14. a4 Qc7 15. Qc2 h6 16. O-O a6 17. Rfe1 b5 18. g4 Nc4 19. Qc1 N6a5 20. Bc2 Rab8 21. b4 Nc6 22. Bd3 Ne7 23. h4 Ng6 24. axb5 axb5 25. Bxg6 fxg6 26. Ne5 Nxe5 27. Rxe5 Rf3 28. Re3 Qf4 29. Rxf3 Qxf3 30. Qd1 Qxc3 31. Qe1 Qxd4 32. Qxe6+ Kh8 33. Ra2 Qxb4 34. Qxg6 Qe1+ 35. Kg2 b4 36. g5 Qe4+ 37. Qxe4 dxe4 38. gxh6 gxh6 39. Kg3 b3 40. Rb2 Kg7 41. Kf4 Rb4 42. Kf5 Kf7 43. h5 Ke7 44. Ke5 Kd7 45. Kd5 Ke7 46. Ke5 Kf7 47. Kf5 Ke7 48. Ke5 Kf7 49. Kf5 Kg7 50. Ke5 Kg8 51. Ke6 Rb5 52. Kf6 Kf8 53. Ke6 Kg7 54. Ke7 Rb6 55. Kd7 Kf6 56. Kc7 Rb4 57. Kc6 Ke5 58. Kc5 Rb8 59. Kc4 Kf4 60. Kd5 Kf3 61. Kd4 Rd8+ 62. Ke5 Rd3 63. Kf5 Rd5+ 64. Kg6 Rd6+ 65. Kf5 Rb6 66. Ke5 e3 67. fxe3 Kxe3 0-1

[Event "Turkish Cup 2022"]
[Site "Sakarya"]
[Date "2022.04.01"]
[Round "11.5"]
[White "Baltaci, Ismail Tarik"]
[Black "Sevgi, Volkan"]
[Result "0-1"]
[WhiteElo "2033"]
[BlackElo "2344"]
[Annotator "RC"]
[PlyCount "56"]
[EventDate "2022.03.25"]
[EventType "swiss"]
[EventCountry "TUR"]
[SourceTitle "playchess.com"]
[Source "ChessBase"]
[SourceQuality "1"]

1. e4 c5 2. Nc3 Nc6 3. Nf3 e5 4. Bc4 d6 5. d3 Be7 6. Nd2 Nf6 7. Nf1 Bg4 8. f3 Be6 9. Ne3 Nd4 10. a4 h5 11. Ncd5 Nxd5 12. Bxd5 Qd7 13. c3 Nc6 14. Nc4 Bh4+ 15. g3 Bf6 16. Qb3 Rb8 17. Bxe6 fxe6 18. O-O d5 19. Na3 h4 20. g4 O-O 21. Be3 Be7 22. Rad1 a6 23. f4 exf4 24. Bxf4 Bd6 25. Bg5 Ne5 26. exd5 Nf3+ 27. Rxf3 Rxf3 28. dxe6 Bxh2+ 0-1

[Event "Turkish Cup 2022"]
[Site "Sakarya"]
[Date "2022.04.01"]
[Round "11.6"]
[White "Samani, Yamac"]
[Black "Bacak, Muhammed Kaan"]
[Result "1-0"]
[WhiteElo "2257"]
[BlackElo "2155"]
[Annotator "TA"]
[PlyCount "123"]
[EventDate "2022.03.25"]
[EventType "swiss"]
[EventCountry "TUR"]
[SourceTitle "playchess.com"]
[Source "ChessBase"]
[SourceQuality "1"]

1. e4 d6 2. d4 Nf6 3. Nc3 g6 4. Be3 c6 5. Qd2 b5 6. Bd3 Nbd7 7. Nf3 Bg7 8. Bh6 Bxh6 9. Qxh6 e5 10. O-O Qe7 11. Rad1 Ng4 12. Qg7 Qf6 13. Qxf6 Ngxf6 14. Rd2 Bb7 15. Rfd1 Ke7 16. a3 a6 17. Bf1 Rhd8 18. b4 a5 19. d5 axb4 20. axb4 cxd5 21. exd5 Rdc8 22. Nxb5 Nb6 23. h3 Ra2 24. c4 Ra4 25. Nxd6 Kxd6 26. c5+ Ke7 27. d6+ Ke6 28. cxb6 Bxf3 29. gxf3 Rxb4 30. b7 Rxb7 31. Ba6 Rbb8 32. Bxc8+ Rxc8 33. f4 e4 34. Kg2 Rd8 35. f3 Nh5 36. fxe4 Nxf4+ 37. Kf3 Nh5 38. Ke3 Nf6 39. Kf4 h6 40. h4 Nh5+ 41. Ke3 Nf6 42. Kf3 Ne8 43. d7 Nf6 44. Rd6+ Ke7 45. e5 Nh5 46. Ke4 Ng7 47. Rf1 Ne6 48. Rfd1 Nf8 49. h5 gxh5 50. Rxh6 Rxd7 51. Rxd7+ Nxd7 52. Kf5 Nc5 53. Rxh5 Nd7 54. Rh6 Nc5 55. Rb6 Nd7 56. Ra6 Nc5 57. Ra7+ Nd7 58. Ke4 Ke6 59. Ra6+ Ke7 60. Kd5 Nf8 61. Ra7+ Ke8 62. Ke4 1-0

[Event "Turkish Cup 2022"]
[Site "Sakarya"]
[Date "2022.04.01"]
[Round "11.7"]
[White "Guven, Oguz Kagan"]
[Black "Kirilmaz, Emre"]
[Result "0-1"]
[WhiteElo "2157"]
[BlackElo "2229"]
[Annotator "TA"]
[PlyCount "90"]
[EventDate "2022.03.25"]
[EventType "swiss"]
[EventCountry "TUR"]
[SourceTitle "playchess.com"]
[Source "ChessBase"]
[SourceQuality "1"]

1. e4 e6 2. d4 d5 3. Nd2 dxe4 4. Nxe4 Bd7 5. Nf3 Bc6 6. Bd3 Nd7 7. O-O Ngf6 8. Ng3 Be7 9. Re1 O-O 10. c3 b6 11. a4 Bb7 12. a5 c5 13. a6 Bxf3 14. Qxf3 cxd4 15. cxd4 Nd5 16. Bd2 N7f6 17. Rad1 Bb4 18. Bxb4 Nxb4 19. Bb1 Nxa6 20. Re5 Nb4 21. Nh5 Nxh5 22. Bxh7+ Kxh7 23. Rxh5+ Kg8 24. Qh3 f5 25. Rh8+ Kf7 26. Qh5+ Ke7 27. Rh7 Rf7 28. Re1 Qxd4 29. Rd1 Qg4 30. Rd7+ Kxd7 31. Qxf7+ Kd6 32. h3 Qd1+ 33. Kh2 Kc6 34. Rxg7 Qd6+ 35. g3 Kb5 36. b3 Qd4 37. Qxe6 Qxf2+ 38. Kh1 Qf1+ 39. Kh2 Qf2+ 40. Kh1 Qf1+ 41. Kh2 Rd8 42. Qe5+ Rd5 43. Qe8+ Nc6 44. Rd7 Qf2+ 45. Kh1 Rc5 0-1

[Event "Turkish Cup 2022"]
[Site "Sakarya"]
[Date "2022.04.01"]
[Round "11.8"]
[White "Zor, Alber Kadir"]
[Black "Kilic, Eray"]
[Result "0-1"]
[WhiteElo "2147"]
[BlackElo "2088"]
[Annotator "TA"]
[PlyCount "64"]
[EventDate "2022.03.25"]
[EventType "swiss"]
[EventCountry "TUR"]
[SourceTitle "playchess.com"]
[Source "ChessBase"]
[SourceQuality "1"]

1. e4 c5 2. Nf3 d6 3. d4 cxd4 4. Nxd4 Nf6 5. Nc3 a6 6. Be2 e6 7. f4 Qc7 8. g4 d5 9. exd5 Bb4 10. O-O Bxc3 11. bxc3 Nxd5 12. c4 Nc3 13. Qd3 Nxe2+ 14. Nxe2 O-O 15. Bb2 Nc6 16. Qc3 e5 17. fxe5 Bxg4 18. Nf4 Qa5 19. Qe3 Rae8 20. Nd5 f6 21. Qg3 Qc5+ 22. Kh1 Qxc4 23. Nxf6+ gxf6 24. exf6 Qe4+ 25. Kg1 Qe3+ 26. Qxe3 Rxe3 27. Rae1 Rxe1 28. Rxe1 Kf7 29. c4 Rd8 30. c5 Rd1 31. Rxd1 Bxd1 32. Kf2 Nb8 0-1

[Event "Turkish Cup 2022"]
[Site "Sakarya"]
[Date "2022.04.01"]
[Round "11.9"]
[White "Isik, Alparslan"]
[Black "Ozcan, Ilker"]
[Result "1-0"]
[WhiteElo "2328"]
[BlackElo "2014"]
[Annotator "TA"]
[PlyCount "95"]
[EventDate "2022.03.25"]
[EventType "swiss"]
[EventCountry "TUR"]
[SourceTitle "playchess.com"]
[Source "ChessBase"]
[SourceQuality "1"]

1. Nf3 Nf6 2. c4 g6 3. Nc3 Bg7 4. e4 d6 5. d4 O-O 6. Be2 e5 7. O-O exd4 8. Nxd4 Re8 9. f3 c6 10. Kh1 Nbd7 11. Bg5 Qb6 12. Nb3 a5 13. Qd2 Qb4 14. Nd4 Ne5 15. b3 Qb6 16. Rad1 Qc7 17. Nc2 Re6 18. Rfe1 b6 19. Qf4 Nfd7 20. Nd4 Re8 21. Qg3 h6 22. Be3 Nc5 23. Rd2 Ba6 24. Red1 Kh7 25. Qh4 Rac8 26. g4 Qe7 27. Qh3 Bb7 28. g5 h5 29. Bf4 Rcd8 30. Nf5 gxf5 31. Qxh5+ Kg8 32. exf5 Qf8 33. f6 Bh8 34. Bg3 Ne6 35. f4 Ng6 36. Bd3 Ng7 37. Qg4 Bc8 38. f5 Ne5 39. Bxe5 Rxe5 40. fxg7 Qxg7 41. Qf4 f6 42. gxf6 Qxf6 43. Ne4 Qxf5 44. Rg1+ Kf8 45. Qh6+ Ke7 46. Rf2 Rxe4 47. Rxf5 Bxf5 48. Qg5+ 1-0

[Event "Turkish Cup 2022"]
[Site "Sakarya"]
[Date "2022.04.01"]
[Round "11.10"]
[White "Caputcuoglu, Zeki Berke"]
[Black "Huseyinoglu, Alihan"]
[Result "1/2-1/2"]
[WhiteElo "2095"]
[BlackElo "2312"]
[Annotator "TA"]
[PlyCount "96"]
[EventDate "2022.03.25"]
[EventType "swiss"]
[EventCountry "TUR"]
[SourceTitle "playchess.com"]
[Source "ChessBase"]
[SourceQuality "1"]

1. d4 Nf6 2. Nf3 e6 3. c4 b6 4. g3 Ba6 5. Qa4 Bb7 6. Bg2 c5 7. dxc5 bxc5 8. O-O Be7 9. Nc3 O-O 10. Bf4 Qb6 11. Qc2 Rd8 12. Rfd1 d6 13. a3 Nc6 14. h3 h6 15. Be3 Na5 16. Rac1 Rab8 17. Na4 Qa6 18. Nd2 Bxg2 19. Kxg2 Nb3 20. Nxb3 Qxa4 21. Nd2 Qc6+ 22. Kg1 Rb7 23. b4 cxb4 24. axb4 Rxb4 25. Bxa7 Rc8 26. Rb1 d5 27. Bd4 Rxb1 28. Rxb1 Nd7 29. Qb2 Rb8 30. Qc3 Rxb1+ 31. Nxb1 Qa4 32. Kg2 Qd1 33. Nd2 Qxe2 34. cxd5 exd5 35. Bxg7 Bf6 36. Bxf6 Nxf6 37. Qxf6 Qxd2 38. Qe7 d4 39. Qe8+ Kg7 40. Qe5+ Kg6 41. h4 h5 42. Qe4+ Kg7 43. Qd5 d3 44. Qxh5 Qe2 45. Qg5+ Kh7 46. Qf5+ Kg8 47. Qg5+ Kf8 48. Qd8+ Kg7 1/2-1/2

[Event "Turkish Cup 2022"]
[Site "Sakarya"]
[Date "2022.04.01"]
[Round "11.11"]
[White "Eren, Ataberk"]
[Black "Sakmak, Kutay"]
[Result "1-0"]
[WhiteElo "2306"]
[BlackElo "1718"]
[Annotator "RC"]
[PlyCount "95"]
[EventDate "2022.03.25"]
[EventType "swiss"]
[EventCountry "TUR"]
[SourceTitle "playchess.com"]
[Source "ChessBase"]
[SourceQuality "1"]

1. d4 Nf6 2. Nf3 g6 3. Bg5 Bg7 4. Nbd2 h6 5. Bh4 d6 6. e4 g5 7. Bg3 Nh5 8. c3 Nd7 9. Be2 e6 10. Qc2 O-O 11. O-O-O f5 12. exf5 exf5 13. h4 g4 14. Ne1 Ndf6 15. Nd3 Ne4 16. Bh2 Qe8 17. Rde1 Qg6 18. Rhf1 Be6 19. Bd1 Rae8 20. Nf4 Nxf4 21. Bxf4 Bd5 22. Nxe4 Rxe4 23. Rxe4 Bxe4 24. Qb3+ Kh7 25. f3 gxf3 26. gxf3 Qg2 27. Qb5 Bc6 28. Qd3 b5 29. Re1 Qf2 30. Rh1 b4 31. Rh2 Qg1 32. cxb4 Rb8 33. Rc2 Ba4 34. b3 Be8 35. a3 Rb7 36. Re2 Qg6 37. Bc2 Qg1+ 38. Kd2 Bd7 39. Re7 c6 40. Bxd6 Qf2+ 41. Kc1 Qxh4 42. Qe3 Kg6 43. Rxd7 Rxd7 44. Qe6+ Kh5 45. Qe8+ Kg5 46. f4+ Kg4 47. Qxd7 Qe1+ 48. Bd1+ 1-0

[Event "Turkish Cup 2022"]
[Site "Sakarya"]
[Date "2022.04.01"]
[Round "11.13"]
[White "Atayman, Evren"]
[Black "Tarhan, Adar"]
[Result "1-0"]
[WhiteElo "1662"]
[BlackElo "2125"]
[Annotator "TA"]
[PlyCount "79"]
[EventDate "2022.03.25"]
[EventType "swiss"]
[EventCountry "TUR"]
[SourceTitle "playchess.com"]
[Source "ChessBase"]
[SourceQuality "1"]

1. e4 e5 2. Nf3 Nc6 3. Bb5 a6 4. Ba4 Nf6 5. O-O b5 6. Bb3 Bb7 7. d3 Bc5 8. Re1 d6 9. c3 Bb6 10. a4 O-O 11. Bg5 h6 12. Bh4 g5 13. Bg3 Ne7 14. a5 Ba7 15. Nbd2 Ng6 16. Nf1 h5 17. h4 g4 18. Ng5 Nh7 19. Nxh7 Kxh7 20. d4 exd4 21. cxd4 Qf6 22. Rc1 Rac8 23. e5 dxe5 24. dxe5 Qe7 25. Qd3 f5 26. exf6 Qxf6 27. Re6 Qg7 28. Rce1 Rcd8 29. Qb1 Kh6 30. Qc1+ Kh7 31. Qg5 Rd7 32. Bc2 Rxf2 33. Bxg6+ Kg8 34. Bxf2 Bxf2+ 35. Kh1 Bc5 36. Qxc5 Qxb2 37. Re8+ Kg7 38. Qf8+ Kxg6 39. R1e6+ Qf6 40. Qxf6+ 1-0

[Event "Turkish Cup 2022"]
[Site "Sakarya"]
[Date "2022.04.01"]
[Round "11.14"]
[White "Celik, Ege Yigit"]
[Black "Isilak, Enes"]
[Result "0-1"]
[WhiteElo "1466"]
[BlackElo "2125"]
[Annotator "TA"]
[PlyCount "60"]
[EventDate "2022.03.25"]
[EventType "swiss"]
[EventCountry "TUR"]
[SourceTitle "playchess.com"]
[Source "ChessBase"]
[SourceQuality "1"]

1. c4 c5 2. Nc3 Nc6 3. g3 g6 4. Bg2 Bg7 5. Nf3 e6 6. d4 Nxd4 7. Nxd4 cxd4 8. Ne4 Ne7 9. Nd6+ Kf8 10. Bd2 Qb6 11. c5 Qxc5 12. Nxb7 Bxb7 13. Bxb7 Rb8 14. b4 Qb6 15. Be4 d5 16. Bd3 e5 17. O-O h5 18. h4 e4 19. Bc2 Be5 20. Kg2 Nf5 21. Rb1 Kg7 22. Rb3 Qe6 23. f4 Bf6 24. a4 Rhe8 25. b5 d3 26. exd3 e3 27. Re1 e2 28. Qb1 Nd4 29. Rb4 Qg4 30. Bc3 Re3 0-1

[Event "Turkish Cup 2022"]
[Site "Sakarya"]
[Date "2022.04.01"]
[Round "11.16"]
[White "Demirag, Batuhan"]
[Black "Ozdemir, Serhan Berat"]
[Result "0-1"]
[WhiteElo "1923"]
[BlackElo "2185"]
[Annotator "TA"]
[PlyCount "102"]
[EventDate "2022.03.25"]
[EventType "swiss"]
[EventCountry "TUR"]
[SourceTitle "playchess.com"]
[Source "ChessBase"]
[SourceQuality "1"]

1. d4 Nf6 2. Bf4 g6 3. Nc3 d5 4. h4 h5 5. e3 Bg7 6. Nf3 O-O 7. Ne5 c5 8. Be2 Nc6 9. O-O cxd4 10. exd4 Qb6 11. Nxc6 Qxc6 12. Be5 Bf5 13. Bd3 Bxd3 14. Qxd3 Rac8 15. Rfe1 e6 16. Re2 a6 17. a4 Qb6 18. Ra2 Ng4 19. Bxg7 Kxg7 20. g3 Rc4 21. Rd2 Qa5 22. Ra3 Rfc8 23. Kg2 Qb6 24. Rb3 Rb4 25. Nd1 Rxb3 26. cxb3 Nf6 27. f3 Ne8 28. Nf2 Nd6 29. g4 Qd8 30. Qe3 Qf6 31. Qe5 Rc6 32. Nd3 hxg4 33. fxg4 Ne4 34. Re2 a5 35. Qxf6+ Kxf6 36. Ne5 Rc7 37. Re3 Rc2+ 38. Kg1 Kg7 39. Nd3 g5 40. hxg5 Nxg5 41. Nc5 b6 42. Nd7 Rd2 43. Nxb6 Rxd4 44. Rg3 Ne4 45. Rg2 Rb4 46. Nc8 Rxb3 47. Ne7 Rb4 48. g5 Rc4 49. g6 Rc1+ 50. Kh2 f6 51. Rg1 Rc7 0-1

[Event "Turkish Cup 2022"]
[Site "Sakarya"]
[Date "2022.04.01"]
[Round "11.17"]
[White "Akin, Kadir"]
[Black "Ererdem, Gani Eren"]
[Result "1/2-1/2"]
[WhiteElo "1964"]
[BlackElo "2134"]
[Annotator "TA"]
[PlyCount "72"]
[EventDate "2022.03.25"]
[EventType "swiss"]
[EventCountry "TUR"]
[SourceTitle "playchess.com"]
[Source "ChessBase"]
[SourceQuality "1"]

1. e4 g6 2. d4 Bg7 3. Nc3 c6 4. Nf3 d5 5. h3 dxe4 6. Nxe4 Nd7 7. Bc4 Ndf6 8. Nxf6+ Nxf6 9. O-O O-O 10. Re1 b6 11. c3 Bb7 12. Bf4 e6 13. Qe2 Qe7 14. Rad1 Rad8 15. Qe3 c5 16. dxc5 bxc5 17. Bg5 h6 18. Bh4 g5 19. Bg3 Ne4 20. Be5 Rxd1 21. Rxd1 Rd8 22. Rxd8+ Qxd8 23. Bxg7 Kxg7 24. Bd3 Nf6 25. Bc2 Bxf3 26. Qxf3 Qd2 27. Qd1 Qf4 28. Bd3 h5 29. Qc2 h4 30. Be2 e5 31. a3 a5 32. Bd1 Ne4 33. b4 axb4 34. axb4 cxb4 35. cxb4 Nd6 36. Qc3 Nb5 1/2-1/2

[Event "Turkish Cup 2022"]
[Site "Sakarya"]
[Date "2022.04.01"]
[Round "11.18"]
[White "Kul, Ozdemir Efe"]
[Black "Durucay, Uygar"]
[Result "1-0"]
[WhiteElo "2042"]
[BlackElo "1700"]
[Annotator "RC"]
[PlyCount "83"]
[EventDate "2022.03.25"]
[EventType "swiss"]
[EventCountry "TUR"]
[SourceTitle "playchess.com"]
[Source "ChessBase"]
[SourceQuality "1"]

1. e4 c6 2. d3 d5 3. Nd2 dxe4 4. dxe4 g6 5. Ngf3 Bg7 6. a4 Nf6 7. Bc4 O-O 8. O-O Bg4 9. Qe2 Qc7 10. h3 Bxf3 11. Nxf3 Nfd7 12. c3 c5 13. Be3 Nc6 14. Nd2 e5 15. Rac1 Rae8 16. Rfd1 b6 17. b4 Kh8 18. Nb3 f5 19. f3 fxe4 20. fxe4 Nf6 21. Bd5 Nh5 22. bxc5 Nf4 23. Qb5 Ne7 24. cxb6 axb6 25. Bxb6 Qc8 26. Rc2 Nexd5 27. exd5 Qf5 28. Rf2 Qg5 29. Kh1 Qg3 30. Qf1 Nh5 31. Rf3 Qg5 32. Qf2 e4 33. Qe3 Qh4 34. Rxf8+ Rxf8 35. Bd4 Bxd4 36. Nxd4 Rf2 37. Ne6 Ng3+ 38. Kg1 Rf7 39. Qg5 Qxg5 40. Nxg5 Ne2+ 41. Kh2 Rf8 42. Nxe4 1-0

[Event "Turkish Cup 2022"]
[Site "Sakarya"]
[Date "2022.04.01"]
[Round "11.19"]
[White "Gulden, Egemen"]
[Black "Oktem, Ege Tuna"]
[Result "1-0"]
[WhiteElo "2094"]
[BlackElo "1614"]
[Annotator "RC"]
[PlyCount "93"]
[EventDate "2022.03.25"]
[EventType "swiss"]
[EventCountry "TUR"]
[SourceTitle "playchess.com"]
[Source "ChessBase"]
[SourceQuality "1"]

1. e4 c6 2. d3 d5 3. Nd2 g6 4. Ngf3 Bg7 5. c3 e5 6. Be2 Ne7 7. O-O O-O 8. b4 h6 9. c4 d4 10. c5 Be6 11. Qc2 f5 12. Qb1 Nd7 13. Bd1 f4 14. Bb3 Bxb3 15. Qxb3+ Kh7 16. Nc4 g5 17. Nfd2 Ng6 18. Nd6 Rb8 19. f3 Nf6 20. a4 Qd7 21. b5 h5 22. Rb1 Qc7 23. Ba3 g4 24. b6 axb6 25. cxb6 Qd7 26. a5 Ra8 27. N2c4 Rg8 28. Nxb7 gxf3 29. Nc5 Qg4 30. Rxf3 Nh4 31. Rf2 Rae8 32. Nd2 f3 33. Nxf3 Nxg2 34. Rxg2 Qxf3 35. Qf7 Ref8 36. Qg6+ Kh8 37. Qg3 Qxg3 38. Rxg3 Bh6 39. Bc1 Bxc1 40. Rxc1 h4 41. Rxg8+ Rxg8+ 42. Kh1 h3 43. Rg1 Ng4 44. Rxg4 Rxg4 45. b7 Rg8 46. a6 Rf8 47. Kg1 1-0

[Event "Turkish Cup 2022"]
[Site "Sakarya"]
[Date "2022.04.01"]
[Round "11.20"]
[White "Korkmaz, Necmettin"]
[Black "Bayramiclilar, Yusuf Ruzgar"]
[Result "1-0"]
[WhiteElo "2076"]
[BlackElo "1514"]
[Annotator "TA"]
[PlyCount "29"]
[EventDate "2022.03.25"]
[EventType "swiss"]
[EventCountry "TUR"]
[SourceTitle "playchess.com"]
[Source "ChessBase"]
[SourceQuality "1"]

1. e4 c5 2. Nf3 e6 3. c3 d5 4. exd5 Qxd5 5. d4 Nf6 6. Be2 cxd4 7. cxd4 Be7 8. Nc3 Qd6 9. O-O O-O 10. Be3 Rd8 11. Nb5 Qd7 12. Ne5 Qd5 13. Nc7 Qe4 14. Bf3 Qf5 15. g4 1-0

[Event "Turkish Cup 2022"]
[Site "Sakarya"]
[Date "2022.04.01"]
[Round "11.22"]
[White "Vursan, Emre Can"]
[Black "Temizer, Umut"]
[Result "0-1"]
[WhiteElo "1741"]
[BlackElo "1972"]
[Annotator "TA"]
[PlyCount "64"]
[EventDate "2022.03.25"]
[EventType "swiss"]
[EventCountry "TUR"]
[SourceTitle "playchess.com"]
[Source "ChessBase"]
[SourceQuality "1"]

1. e4 c5 2. Nf3 d6 3. Bb5+ Nd7 4. d4 a6 5. Bxd7+ Bxd7 6. Nc3 cxd4 7. Qxd4 e5 8. Qd3 h6 9. O-O Nf6 10. a4 Be7 11. Nd2 Be6 12. Rd1 d5 13. exd5 Nxd5 14. Nde4 Nxc3 15. Nxc3 Qxd3 16. Rxd3 Rc8 17. Be3 f6 18. f4 Bf5 19. Rd5 Bxc2 20. fxe5 Bb3 21. exf6 Bxf6 22. Rc5 Rxc5 23. Bxc5 Kd7 24. Re1 Kc6 25. Bb4 Rd8 26. Kf2 Rd4 27. Be7 Rd2+ 28. Kg3 Bd4 29. Re4 Bc2 30. Re2 Bxc3 31. Rxd2 Bxd2 32. Bf8 g6 0-1

[Event "Turkish Cup 2022"]
[Site "Sakarya"]
[Date "2022.04.01"]
[Round "11.23"]
[White "Maruflu, Enes Yusuf"]
[Black "Unsal, Gorkem"]
[Result "1-0"]
[WhiteElo "1945"]
[BlackElo "1672"]
[Annotator "TA"]
[PlyCount "113"]
[EventDate "2022.03.25"]
[EventType "swiss"]
[EventCountry "TUR"]
[SourceTitle "playchess.com"]
[Source "ChessBase"]
[SourceQuality "1"]

1. d3 d5 2. g3 g6 3. Bg2 Bg7 4. c4 dxc4 5. Qa4+ Bd7 6. Qxc4 Bc6 7. Nf3 e6 8. Nc3 Ne7 9. Qh4 Nd7 10. O-O O-O 11. e4 e5 12. Be3 f6 13. d4 Nb6 14. dxe5 g5 15. Qh3 Bd7 16. e6 Bc6 17. Nd4 Nc4 18. Rad1 Qe8 19. Bc1 h5 20. f4 g4 21. Qh4 f5 22. Qg5 Nd6 23. e5 Bxg2 24. Kxg2 Ndc8 25. h3 gxh3+ 26. Kxh3 Kh7 27. Kg2 Bh6 28. Qh4 Ng6 29. Qh3 Nce7 30. Rh1 h4 31. Nf3 Qc6 32. Rd7 Kg8 33. Rxe7 Nxe7 34. Qxh4 Qxe6 35. Qxh6 Qxh6 36. Rxh6 c6 37. Be3 b6 38. Nd4 Rac8 39. Kf3 Rf7 40. Rh5 a6 41. Rg5+ Kh7 42. Nb3 c5 43. a4 Rff8 44. Rh5+ Kg6 45. Rg5+ Kh7 46. Nd2 Rcd8 47. Nc4 Nc8 48. Ke2 Rf7 49. g4 fxg4 50. Ne4 b5 51. axb5 axb5 52. Ncd2 c4 53. Nf6+ Kh8 54. f5 Ne7 55. Rh5+ Kg7 56. Bh6+ Kh8 57. Bf8+ 1-0

[Event "Turkish Cup 2022"]
[Site "Sakarya"]
[Date "2022.04.01"]
[Round "11.24"]
[White "Sezis, Doruk"]
[Black "Daghan, Devran"]
[Result "1-0"]
[WhiteElo "1566"]
[BlackElo "1985"]
[Annotator "TA"]
[PlyCount "75"]
[EventDate "2022.03.25"]
[EventType "swiss"]
[EventCountry "TUR"]
[SourceTitle "playchess.com"]
[Source "ChessBase"]
[SourceQuality "1"]

1. c4 f5 2. Nc3 Nf6 3. g3 g6 4. Bg2 Bg7 5. d3 O-O 6. e4 fxe4 7. dxe4 d6 8. Nge2 c6 9. O-O Be6 10. b3 a5 11. Be3 Na6 12. h3 Nc7 13. f4 Bf7 14. g4 Nd7 15. Rc1 a4 16. Nxa4 b5 17. cxb5 cxb5 18. Nac3 b4 19. Na4 g5 20. fxg5 d5 21. exd5 Ra5 22. d6 Nd5 23. Rxf7 Nxe3 24. dxe7 Nxd1 25. exd8=Q Rxd8 26. Rxg7+ Kxg7 27. Rxd1 Ra7 28. Nd4 Re8 29. Nf5+ Kh8 30. Bc6 Rd8 31. Nc5 Rc7 32. Ne6 Rxc6 33. Nxd8 Rc2 34. Rxd7 h6 35. g6 h5 36. Rh7+ Kg8 37. Rg7+ Kf8 38. Ne6+ 1-0